00678nam a2200217Ia 4500003000400000005001700004008004100021020001800062040000700080041000800087082002000095100003200115245004100147260003800188300001200226365001300238906004500251942001200296999001900308952013300327OSt20230415095438.0210423s2010 xx 000 0 und d a9788131511190 cAL aeng a658.11 FERO223 aFERELL (O C);others.988683 aBusiness ethics: a case perspective. aAustraliabCengage Learningc2010 a363bPB b325cINR aBusiness ; case ; ethics: ; perspective. 2ddccBK c159245d159245 001040708MCOMaSACPGbSACPGd2011-02-01eCurrent booksg325.00l0o658.11 FEROpPG005723r2022-08-24 00:00:00w2021-04-26yBK